[Event "Reykjavik op"]
[Site "Reykjavik"]
[Date "2019.04.08"]
[Round "1"]
[White "Williams, Mike"]
[Black "Gunnarsson, Baltasar Mani Wedho"]
[Result "1-0"]
[WhiteElo "1837"]
[BlackElo "1357"]
[PlyCount "127"]
[EventDate "2019.04.08"]
[EventType "swiss"]
[EventRounds "9"]
[EventCountry "ISL"]
[SourceTitle "CBM 189 Extra"]
[Source "ChessBase"]
[SourceDate "2019.06.03"]
[SourceVersion "1"]
[SourceVersionDate "2019.06.03"]
[SourceQuality "1"]

1. d4 d5 2. c4 c6 3. Nc3 Nf6 4. Nf3 Bg4 5. cxd5 Nxd5 6. Ne5 Nxc3 7. bxc3 Bf5 8. Qb3 Be6 9. Qxb7 Nd7 10. Nxc6 Qc8 11. Qxc8+ Rxc8 12. Nxa7 Rxc3 13. Nb5 Rc8 14. e4 g6 15. d5 Bg7 16. Rb1 Bg4 17. f3 Bh5 18. g4 Bxg4 19. fxg4 0-0 20. Bb2 Bxb2 21. Rxb2 Nf6 22. Bg2 Nxg4 23. 0-0 Ne3 24. Ra1 Ra8 25. Kf2 Ng4+ 26. Kg3 Ne5 27. Bf1 Ra4 28. Nc3 Ra7 29. Bb5 Rb8 30. Rab1 Rc8 31. Rb3 Rac7 32. Ne2 Ra7 33. a4 f6 34. Nd4 Nf7 35. Nc6 Rb7 36. Ba6 Rxb3+ 37. Rxb3 Ra8 38. Rb8+ Rxb8 39. Nxb8 Nd6 40. Bd3 Nb7 41. Nc6 Nc5 42. a5 Kf7 43. a6 Nd7 44. a7 Nb6 45. Ba6 Ke8 46. Bb7 Kd7 47. a8Q Nxa8 48. Bxa8 Ke8 49. Nd4 Kf7 50. Kf4 Ke8 51. e5 Kf7 52. Bc6 fxe5+ 53. Kxe5 h6 54. Ne6 Kg8 55. Nd8 h5 56. Ke6 Kf8 57. Bb5 h4 58. Be2 h3 59. Nc6 g5 60. Nxe7 g4 61. Bxg4 Ke8 62. Ng6 Kd8 63. Kf7 Kc7 64. Ke7 1-0

[Event "Reykjavik op"]
[Site "Reykjavik"]
[Date "2018.03.12"]
[Round "7"]
[White "Gunnarsson, Baltasar Mani Wedho"]
[Black "Sigurdsson, Baldur Heidar"]
[Result "1-0"]
[WhiteElo "1270"]
[BlackElo "1540"]
[PlyCount "95"]
[EventDate "2018.03.06"]
[EventType "swiss"]
[EventRounds "9"]
[EventCountry "ISL"]
[SourceTitle "CBM 183 Extra"]
[Source "ChessBase"]
[SourceDate "2018.04.19"]
[SourceVersion "1"]
[SourceVersionDate "2018.04.19"]
[SourceQuality "1"]

1. e4 g6 2. d4 d6 3. Nf3 Nf6 4. Nc3 Bg7 5. Bc4 0-0 6. h3 Nc6 7. 0-0 e5 8. d5 Ne7 9. Re1 Ne8 10. Bg5 h6 11. Be3 f5 12. Qc1 f4 13. Bd2 g5 14. Nh2 Ng6 15. f3 Nf6 16. Rf1 h5 17. Be2 Nh4 18. Be1 Nxf3+ 19. Bxf3 g4 20. hxg4 hxg4 21. Be2 g3 22. Nf3 Ng4 23. Bd2 Qf6 24. Re1 Kf7 25. Bd3 Rh8 26. Kf1 Nh2+ 27. Ke2 Nxf3 28. gxf3 Rh2+ 29. Kd1 g2 30. Ne2 Bh6 31. c3 Bh3 32. Kc2 Rg8 33. Rg1 Bg5 34. Be1 Bh4 35. Kb3 Bd7 36. Qd2 c6 37. dxc6 bxc6 38. Bc4+ Be6 39. Bxe6+ Qxe6+ 40. Kc2 Bd8 41. Bf2 d5 42. Bxa7 dxe4 43. Nxf4 exf4 44. Qxf4+ Qf6 45. Qxh2 exf3 46. Qh5+ Rg6 47. Bd4 Qe6 48. Qxf3+ 1-0

[Event "Reykjavik op"]
[Site "Reykjavik"]
[Date "2018.03.07"]
[Round "2"]
[White "Gunnarsson, Baltasar Mani Wedho"]
[Black "Grymer Hansen, Soren"]
[Result "1/2-1/2"]
[WhiteElo "1270"]
[BlackElo "1706"]
[PlyCount "71"]
[EventDate "2018.03.06"]
[EventType "swiss"]
[EventRounds "9"]
[EventCountry "ISL"]
[SourceTitle "CBM 183 Extra"]
[Source "ChessBase"]
[SourceDate "2018.04.19"]
[SourceVersion "1"]
[SourceVersionDate "2018.04.19"]
[SourceQuality "1"]

1. e4 e6 2. d4 a6 3. Nf3 b5 4. a3 Bb7 5. Bd3 c5 6. c3 Nf6 7. Bg5 Be7 8. Bxf6 Bxf6 9. 0-0 g6 10. Nbd2 cxd4 11. cxd4 d5 12. e5 Bg7 13. Nb3 Nd7 14. Rc1 Rc8 15. Rxc8 Qxc8 16. Qd2 0-0 17. Rc1 Qb8 18. Na5 Ba8 19. Rc2 Nb6 20. Nc6 Qb7 21. Na5 Qd7 22. Nb3 Nc4 23. Qc1 Qd8 24. Nbd2 Bh6 25. b3 Nxd2 26. Nxd2 Qb6 27. Qb2 b4 28. Nf3 bxa3 29. Qxa3 Rb8 30. Bxa6 Bc6 31. Bf1 Bb5 32. Bxb5 Qxb5 33. Rc3 Qe2 34. g3 Bf8 35. Qc1 Qa2 36. Qe3 1/2-1/2

[Event "Reykjavik TR U2000 op"]
[Site "Reykjavik"]
[Date "2017.11.01"]
[Round "4"]
[White "Thorisson, Benedikt"]
[Black "Gunnarsson, Baltasar Mani Wedho"]
[Result "0-1"]
[WhiteElo "1097"]
[BlackElo "1232"]
[PlyCount "68"]
[EventDate "2017.10.11"]
[EventType "swiss"]
[EventRounds "7"]
[EventCountry "ISL"]
[SourceTitle "CBM 181 Extra"]
[Source "ChessBase"]
[SourceDate "2017.12.12"]
[SourceVersion "1"]
[SourceVersionDate "2017.12.12"]
[SourceQuality "1"]

1. e4 e5 2. Nf3 Nc6 3. d4 exd4 4. Bc4 Bc5 5. c3 Qf6 6. Bg5 Qd6 7. Qb3 Qg6 8. 0-0 d6 9. Re1 Bg4 10. Qd1 Bxf3 11. Qxf3 Ne5 12. Qf5 Nxc4 13. b4 Bb6 14. f4 dxc3+ 15. Kh1 Qxf5 16. exf5+ Kd7 17. Nxc3 f6 18. Bh4 Ne7 19. g4 Ne3 20. h3 Nc2 21. Rad1 Nxe1 22. Rxe1 c6 23. Re6 Rhe8 24. Re1 Nd5 25. Rc1 Nxc3 26. Rxc3 Re3 27. Rxe3 Bxe3 28. g5 Bxf4 29. gxf6 gxf6 30. Bxf6 Rf8 31. Bd4 b6 32. f6 Be5 33. Be3 Rxf6 34. Kg2 d5 0-1

[Event "Reykjavik op"]
[Site "Reykjavik"]
[Date "2017.04.22"]
[Round "5"]
[White "Haile, Batel Goitom"]
[Black "Gunnarsson, Baltasar Mani Wedho"]
[Result "1-0"]
[WhiteElo "1197"]
[BlackElo "1230"]
[PlyCount "123"]
[EventDate "2017.04.19"]
[EventType "swiss"]
[EventRounds "10"]
[EventCountry "ISL"]
[SourceTitle "CBM 178 Extra"]
[Source "ChessBase"]
[SourceDate "2017.06.22"]
[SourceVersion "1"]
[SourceVersionDate "2017.06.22"]
[SourceQuality "1"]

1. e4 e5 2. Nf3 Nc6 3. Bc4 Bc5 4. d3 Nf6 5. Nc3 Bb4 6. Bd2 Bxc3 7. Bxc3 0-0 8. 0-0 d6 9. h3 h6 10. Re1 Bd7 11. Qe2 Re8 12. a3 a6 13. b4 Be6 14. Ba2 Bxa2 15. Rxa2 Re7 16. Raa1 Qd7 17. Qd2 b5 18. Re2 Rae8 19. Rae1 d5 20. exd5 Qxd5 21. Bb2 Kf8 22. Kf1 Re6 23. Kg1 Nd4 24. Nxd4 exd4 25. Rxe6 Rxe6 26. Rxe6 fxe6 27. c3 e5 28. cxd4 exd4 29. Qf4 c5 30. bxc5 Qxc5 31. Qxd4 Qxd4 32. Bxd4 Nd5 33. g3 b4 34. axb4 Nxb4 35. Bc5+ Kf7 36. Bxb4 Ke6 37. Kf1 Kd5 38. Ke2 Kd4 39. Kd2 g6 40. f4 h5 41. h4 Kd5 42. Ke3 Ke6 43. Ke4 Kf6 44. d4 Ke6 45. d5+ Kd7 46. Ke5 Kc7 47. Ke6 Kb6 48. d6 Kb5 49. Bd2 a5 50. Bxa5 Kxa5 51. d7 Kb4 52. d8Q Kc4 53. Ke5 g5 54. fxg5 Kb4 55. Qc8 Kb5 56. Kd4 Kb6 57. Kd5 Ka7 58. Qc1 Kb7 59. Kd6 Kb8 60. Kd7 Ka8 61. Kc7 Ka7 62. Qa1# 1-0

[Event "Reykjavik op"]
[Site "Reykjavik"]
[Date "2017.04.21"]
[Round "4"]
[White "Apol, Luitjen Akselsson"]
[Black "Gunnarsson, Baltasar Mani Wedho"]
[Result "1-0"]
[WhiteElo "1561"]
[BlackElo "1230"]
[PlyCount "111"]
[EventDate "2017.04.19"]
[EventType "swiss"]
[EventRounds "10"]
[EventCountry "ISL"]
[SourceTitle "CBM 178 Extra"]
[Source "ChessBase"]
[SourceDate "2017.06.22"]
[SourceVersion "1"]
[SourceVersionDate "2017.06.22"]
[SourceQuality "1"]

1. e4 e5 2. Nc3 Nc6 3. Bc4 Nf6 4. d3 h6 5. Be3 Bb4 6. Nge2 0-0 7. 0-0 d6 8. Ng3 Bd7 9. h3 Qc8 10. Nd5 Nxd5 11. Bxd5 Ne7 12. Bb3 Ng6 13. Qf3 Be6 14. Kh2 c5 15. c3 Ba5 16. Nh5 Bxb3 17. axb3 Bd8 18. Ng3 Qe6 19. c4 Bh4 20. Nf5 Bf6 21. Qg3 a6 22. Ra3 Rfe8 23. Rfa1 Nf4 24. Nxh6+ Kf8 25. Ng4 Nxd3 26. Nxf6 Qxf6 27. Rb1 Nf4 28. Qf3 Qg5 29. g3 Qg6 30. gxf4 exf4 31. Bxf4 Rxe4 32. Rg1 Qf6 33. Qxe4 Re8 34. Qf3 Re6 35. Ra2 Re5 36. Qg3 Rf5 37. Bxd6+ Ke8 38. Re1+ Kd7 39. Bb8 Qc6 40. Qd3+ Kc8 41. Qxf5+ Kxb8 42. Qxf7 Qd6+ 43. f4 Ka7 44. Qf5 Qd4 45. Qe5 Qd7 46. Qxc5+ Ka8 47. Rxa6+ bxa6 48. Qd5+ Qxd5 49. cxd5 g5 50. fxg5 a5 51. g6 a4 52. g7 axb3 53. g8Q+ Kb7 54. Re6 Kc7 55. Qf7+ Kd8 56. Re8# 1-0

[Event "Reykjavik op"]
[Site "Reykjavik"]
[Date "2017.04.20"]
[Round "3"]
[White "Gunnarsson, Baltasar Mani Wedho"]
[Black "Fjallheim, Elmar Reinert"]
[Result "0-1"]
[WhiteElo "1230"]
[BlackElo "1691"]
[PlyCount "72"]
[EventDate "2017.04.19"]
[EventType "swiss"]
[EventRounds "10"]
[EventCountry "ISL"]
[SourceTitle "CBM 178 Extra"]
[Source "ChessBase"]
[SourceDate "2017.06.22"]
[SourceVersion "1"]
[SourceVersionDate "2017.06.22"]
[SourceQuality "1"]

1. e4 e6 2. Nc3 d5 3. exd5 exd5 4. d4 g6 5. Nf3 Bg7 6. Be2 Nf6 7. 0-0 0-0 8. Bg5 c6 9. Re1 Qc7 10. Bxf6 Bxf6 11. Qd2 Bg4 12. Ng5 Bxe2 13. Nxe2 Nd7 14. g3 Rae8 15. Nf3 Kg7 16. c3 h6 17. Nf4 Re4 18. Ng2 Rfe8 19. h3 g5 20. g4 R8e6 21. b4 a6 22. a4 Be7 23. Re3 Nb6 24. Qd3 Nc4 25. Ree1 Bd6 26. Ra2 Qe7 27. Raa1 Qf6 28. Ra2 Qg6 29. a5 h5 30. gxh5 Qxh5 31. Rxe4 dxe4 32. Qxc4 exf3 33. d5 Qxh3 34. Qd4+ Rf6 35. Ne3 Qh2+ 36. Kf1 Qh1# 0-1